[Event "WSTCC-65 2020"]
[Site "Prague"]
[Date "2020.03.11"]
[Round "6.9"]
[White "Farago, Ivan"]
[Black "Klundt, Klaus"]
[Result "1/2-1/2"]
[WhiteElo "2359"]
[BlackElo "2299"]
[Annotator "TA"]
[PlyCount "30"]
[EventDate "2020.03.06"]
[EventType "team-tourn"]
[EventCountry "CZE"]
[SourceTitle "playchess.com"]
[Source "ChessBase"]
[SourceQuality "1"]

{[%evp 13,30,8,26,0,0,0,0,2,6,-21,-12,-10,-15,-21,-16,-16,-10,-7,-9]} 1. d4 d5 2. c4 e6 3. Nf3 Nf6 4. Nc3 Be7 5. Bf4 O-O 6. e3 Nbd7 7. Qc2 c5 8. cxd5 {[#] Strongly threatening d6. D37: Queen's Gambit Declined: 5 Bf4.} Nxd5 {The position is equal.} 9. Nxd5 exd5 10. Bd3 Qa5+ 11. Ke2 g6 {[#] And now ...c4 would win.} 12. Qc3 {[#]} Qb6 $146 ({Predecessor:} 12... Qxc3 13. bxc3 c4 14. Bc2 Ba3 15. Rab1 a6 16. g4 b5 17. g5 Ra7 18. h4 Re8 {1-0 (42) Khurtsidze,N (2472)-Maric,A (2489) Vrnjacka Banja 1999}) 13. b3 Re8 14. Rhd1 cxd4 15. Nxd4 Nc5 {Not much happened in this game. Accuracy: White = 71%, Black = 100%.} 1/2-1/2

[Event "WSTCC-65 2020"]
[Site "Prague"]
[Date "2020.03.11"]
[Round "6.10"]
[White "Kannenberg, Karl-Heinz"]
[Black "Horvath, Tamas I"]
[Result "1-0"]
[WhiteElo "2118"]
[BlackElo "2318"]
[Annotator "TA"]
[PlyCount "79"]
[EventDate "2020.03.06"]
[EventType "team-tourn"]
[EventCountry "CZE"]
[SourceTitle "playchess.com"]
[Source "ChessBase"]
[SourceQuality "1"]

{[%evp 25,79,0,1,0,0,-60,15,-40,40,39,30,24,16,24,23,0,0,0,0,0,0,0,0,0,0,0,24,-70,-73,-95,-89,-105,-108,-120,-47,-94,-37,-57,-42,-111,7,0,8,4,97,102,157,132,135,22,277,282,262,278,1622,1554]} 1. d4 g6 2. Nf3 Bg7 3. e3 d6 4. Be2 Nd7 5. O-O e5 6. c4 Nh6 7. e4 O-O 8. dxe5 dxe5 9. Nc3 c6 10. h3 Qe7 11. Be3 f6 12. Qc2 Nf7 13. a3 Nc5 14. Rfd1 {E94: King's Indian: Classical: 6 Be2 e5 7 0-0: Various Black 7th moves.} Ne6 15. b4 {[#]} (15. c5 $11) 15... Nfg5 $146 (15... f5 $1 $15) ({Predecessor:} 15... Bh6 16. c5 Bxe3 17. fxe3 Neg5 18. Nxg5 Nxg5 19. Bc4+ Kg7 {½-½ (36) Ojas,K (2240)-Bujisho,B (2339) Metz 2019}) 16. c5 (16. Nxg5 $11 fxg5 17. Bg4) 16... f5 ({Black should play} 16... Nxf3+ $15 17. Bxf3 f5) 17. Nxg5 Nxg5 18. Bxg5 Qxg5 19. Bc4+ Kh8 20. Qd3 Bf6 21. Ra2 Rd8 22. Qe2 Rd4 23. Rxd4 exd4 24. e5 Bg7 25. Nd1 Bd7 26. Nb2 (26. e6 $11 Be8 27. Qe1) 26... Qc1+ $15 27. Nd1 Re8 $1 28. e6 Bc8 $1 29. g3 Qg5 (29... Bf6 $17 30. Kh2 Kg7) 30. Qe1 {[#]} b5 (30... f4 $1 $17 31. Re2 b5) 31. Bb3 f4 32. Re2 (32. Qe4 $1 $15) 32... Re7 (32... Qh5 $17 {And now ...a5 would win.} 33. Kh2 Qf3) 33. Kh2 h5 34. Nb2 {Black should prevent Nd3.} fxg3+ (34... Bh6 $11 {keeps the balance.}) 35. fxg3 $16 h4 ({Black should try} 35... Qf5) 36. Nd3 Qf5 {[#]} 37. Re4 (37. Ne5 $1 $16) 37... Qf3 $2 {[%mdl 8192]} (37... hxg3+ $11 38. Kxg3 Bh6) 38. Rxh4+ $18 Kg8 39. Qe4 Qf8 $2 (39... Qxe4 40. Rxe4 Bf6) 40. Qxg6 {Accuracy: White = 65%, Black = 45%.} 1-0

[Event "WSTCC-65 2020"]
[Site "Prague"]
[Date "2020.03.11"]
[Round "6.11"]
[White "Hardicsay, Peter"]
[Black "Krauseneck, Peter"]
[Result "1/2-1/2"]
[WhiteElo "2203"]
[BlackElo "2126"]
[Annotator "TA"]
[PlyCount "117"]
[EventDate "2020.03.06"]
[EventType "team-tourn"]
[EventCountry "CZE"]
[SourceTitle "playchess.com"]
[Source "ChessBase"]
[SourceQuality "1"]

{[%evp 16,117,22,14,24,-15,0,-6,-8,-22,40,2,26,4,100,19,22,16,32,-13,0,-12,-14,-68,0,0,0,-51,0,-7,8,-15,0,0,30,18,8,26,20,10,27,19,39,-20,33,31,60,39,65,37,49,6,10,0,57,20,32,28,77,69,108,91,152,87,187,85,91,85,82,84,80,75,104,53,39,19,47,38,38,35,79,20,20,-10,22,0,0,0,0,0,110,89,406,370,121,0,0,0,0,0,7,0,0,0]} 1. d4 e6 2. e4 b6 3. Bd3 Bb7 4. Nc3 Nf6 5. Nf3 Bb4 6. Qe2 d5 7. exd5 Nxd5 8. Bd2 Nxc3 9. bxc3 Be7 {B00: Queen's Fianchetto Defence, Nimzowitsch Defence.} 10. h4 Nd7 {[#]} 11. h5 $146 ({Predecessor:} 11. Ng5 Nf6 12. O-O h6 13. Nf3 Qd5 14. Rfe1 Qh5 15. Ne5 Qxh4 16. Nxf7 Ng4 17. Bf4 Kxf7 18. Qxe6+ {0-1 (34) Olszewski,M (2540)-Lewtak,D (2358) Katowice 2017}) 11... h6 12. Rh3 Bf6 (12... O-O $11) 13. Kf1 Qe7 14. a4 a5 (14... O-O $11) 15. Rg3 (15. Bf4 $16) 15... Qd6 $11 16. Kg1 O-O-O 17. Be4 Rhe8 18. Bxb7+ Kxb7 19. Qe4+ (19. Rb1 $11) 19... Qc6 ({Black should play} 19... Qd5 $15 20. Re1 c6) 20. Qxc6+ Kxc6 21. Bf4 (21. Be3 $11) 21... Rg8 (21... e5 $1 $15 22. Nxe5+ Nxe5 23. dxe5 Bxe5 24. Bxe5 Rxe5) 22. Rb1 Nb8 23. Be5 Nd7 24. Bf4 Nb8 25. Ne5+ Bxe5 $1 26. Bxe5 f6 27. Bf4 Kd7 28. Re3 Na6 29. c4 (29. f3 $14) 29... Rge8 (29... Kc8 $11 30. c3 e5) 30. c3 $14 Re7 31. g4 Rde8 {White should prevent ...e5.} 32. Rbe1 Nb8 33. Kg2 Nc6 34. Bg3 $36 {[%mdl 2048] Black is under pressure.} Nd8 (34... e5 $11) 35. Kf3 Nb7 36. Ke2 e5 37. Kd3 Kd6 38. f3 Nd8 (38... Kd7 $142) 39. Kc2 (39. f4 $142 $1) 39... Nc6 {[#]} (39... Nf7 $16 {was called for.}) 40. Rd1 (40. Rd3 $1 $18 {and the rest is easy.}) 40... Kd7 {next ...exd4 is good for Black.} 41. dxe5+ Kc8 {[%cal Rc6e5]} 42. f4 fxe5 43. fxe5 Re6 44. Rf1 ({Better is} 44. c5 $16) 44... g6 45. Rh1 Kd7 46. Rd1+ Kc8 47. Rf1 Nb8 48. hxg6 (48. Rf6 $16 g5 49. Rxe6 Rxe6 50. c5) 48... Rxg6 $11 49. Rf7 (49. c5 $5) 49... Ree6 50. Re4 Nd7 51. Rh7 Nc5 52. Rf4 Nxa4 (52... Kb7 $11 {remains equal.}) 53. Rff7 $16 Rc6 $2 {[%mdl 8192] [#]} (53... Rxg4 $16 {is a better chance.} 54. Rxc7+ Kb8) 54. e6 $1 $18 Rgxe6 55. Rxc7+ (55. Bxc7 $16 Rf6 56. Rxf6 Rxf6 57. Be5) 55... Rxc7 $11 {The position is equal.} 56. Rxc7+ Kd8 57. Rh7 Rg6 58. Be5 Rxg4 59. Rxh6 {Accuracy: White = 64%, Black = 49%.} 1/2-1/2

[Event "WSTCC-65 2020"]
[Site "Prague"]
[Date "2020.03.11"]
[Round "6.12"]
[White "Seibold, Hubert"]
[Black "Dory, Jeno"]
[Result "1/2-1/2"]
[WhiteElo "2123"]
[BlackElo "2170"]
[Annotator "TA"]
[PlyCount "57"]
[EventDate "2020.03.06"]
[EventType "team-tourn"]
[EventCountry "CZE"]
[SourceTitle "playchess.com"]
[Source "ChessBase"]
[SourceQuality "1"]

{[%evp 27,57,0,0,0,-8,-4,-7,-8,16,15,14,3,7,0,5,0,6,2,9,6,7,0,0,0,0,0,0,0,0,0,0,0]} 1. c4 c5 2. Nc3 Nc6 3. g3 g6 4. Bg2 Bg7 5. Nf3 e5 6. a3 a5 7. Rb1 d6 8. d3 Nge7 9. Bd2 O-O 10. O-O Rb8 11. Ne1 Be6 12. Nc2 d5 13. cxd5 Nxd5 14. Nxd5 Bxd5 {The position is equal.} 15. Bxd5 {A37: Symmetrical English vs ...g6: 4 Bg2 Bg7 5 Nf3.} Qxd5 16. b4 cxb4 $1 {[%mdl 4] is currently scoring better than 16...axb4.} 17. axb4 axb4 18. Nxb4 Nxb4 19. Bxb4 Rfc8 20. Qb3 {[#]} Qd7 $146 ({Predecessor:} 20... Qxb3 21. Rxb3 Rc2 22. Re1 Bf8 23. Kf1 Bxb4 24. Rxb4 b5 25. Reb1 Rc5 26. g4 f6 {½-½ (60) Moskalenko,V (2532)-Etchegaray,P (2411) Elgoibar 2012}) 21. Rfc1 Rxc1+ 22. Rxc1 Rc8 23. Rb1 b5 24. Ba5 Rb8 25. Bb4 h5 26. h4 Qc6 27. Qc3 Qxc3 28. Bxc3 f6 29. Kf1 {An uneventful encounter. Accuracy: White = 100%, Black = 100%.} 1/2-1/2

[Event "WSTCC-65 2020"]
[Site "Prague"]
[Date "2020.03.11"]
[Round "6.13"]
[White "Jansa, Vlastimil"]
[Black "Vaisser, Anatoly"]
[Result "0-1"]
[WhiteElo "2439"]
[BlackElo "2495"]
[Annotator "TA"]
[PlyCount "65"]
[EventDate "2020.03.06"]
[EventType "team-tourn"]
[EventCountry "CZE"]
[SourceTitle "playchess.com"]
[Source "ChessBase"]
[SourceQuality "1"]

{[%evp 12,65,27,21,36,33,23,31,34,24,46,27,41,41,41,41,41,41,43,41,45,31,48,49,50,50,109,47,65,0,5,0,33,25,48,56,53,57,51,36,78,78,101,103,119,49,60,66,89,79,91,-366,-361,-463,87,8]} 1. e4 e6 2. d4 d5 3. Nd2 c5 4. Ngf3 Nc6 5. exd5 exd5 6. Bb5 Qe7+ 7. Be2 Qc7 {C09: French Tarrasch: 3...c5 4 exd5 exd5 5 Ngf3 Nc6.} 8. O-O Nf6 9. Re1 cxd4 {White is slightly better.} 10. Nb3 Be7 11. Nbxd4 a6 12. Bg5 O-O 13. c3 h6 14. Bh4 {[#]} Re8 $146 ({Predecessor:} 14... Rd8 15. Bd3 Qd6 16. Bg3 Qd7 17. Bf5 Qe8 18. Bc7 Bxf5 19. Bxd8 Qxd8 20. Nxf5 Bc5 21. Qc2 Rc8 22. Re2 g6 23. Nxh6+ Kg7 24. Nxf7 Qf8 25. N7g5 {1-0 (26) Smith,R (1585)-Badger,J (1809) ICCF email 2018}) 15. Qb3 Na5 16. Qc2 Bd7 17. Bd3 Nc4 18. Re2 Qb6 (18... Bd8 $14) 19. Rae1 ({White should try} 19. Bxc4 $16 {And now Bxf6 would win.} dxc4 20. Ne5) 19... Bc5 $14 20. Qb3 (20. b3 $14 Rxe2 21. Rxe2) 20... g5 21. Bg3 Rxe2 (21... Bxd4 $5 22. Nxd4 Qxb3 23. axb3 Nxb2 $14) 22. Rxe2 Qxb3 23. axb3 Nb6 24. b4 $36 {[%mdl 2048] White has some pressure.} Bf8 25. h4 g4 26. Ne5 a5 27. bxa5 Rxa5 28. Bf5 (28. Nxd7 $16 Nbxd7 29. Bf5) 28... Bxf5 29. Nxf5 Nc4 30. Nxc4 dxc4 31. Be5 $2 {[%mdl 8192] [#]} (31. Ne3 $16) 31... Nd7 $19 32. Bg3 Nf6 $2 (32... Rxf5 $19 33. Re4 b5 34. Rxg4+ Bg7) 33. Nd6 {[%mdl 32768] Accuracy: White = 63%, Black = 74%. . Loss on time!?} ({White should play} 33. Ne3 $16) 0-1

[Event "WSTCC-65 2020"]
[Site "Prague"]
[Date "2020.03.11"]
[Round "6.14"]
[White "Giffard, Nicolas"]
[Black "Hausner, Ivan"]
[Result "1-0"]
[WhiteElo "2236"]
[BlackElo "2339"]
[Annotator "TA"]
[PlyCount "79"]
[EventDate "2020.03.06"]
[EventType "team-tourn"]
[EventCountry "CZE"]
[SourceTitle "playchess.com"]
[Source "ChessBase"]
[SourceQuality "1"]

{[%evp 10,79,54,-13,-8,-13,-13,-16,-15,-13,-4,4,24,-29,-21,-14,-13,-35,-13,-16,0,0,0,4,6,6,7,19,15,14,133,131,121,128,114,98,118,103,141,144,207,207,204,191,185,141,189,192,194,169,195,191,169,169,399,364,584,708,630,596,718,718,1060,1044,1115,1028,1540,1529,29980,29981,29974,29971]} 1. d4 Nf6 2. c4 g6 3. Nc3 d5 4. Nf3 Bg7 5. cxd5 Nxd5 6. Qa4+ ({Better is} 6. e4 $14 Nxc3 7. bxc3) 6... Nc6 $11 {D90: Grünfeld: 4 Nf3 Bg7 sidelines.} 7. e3 O-O 8. Nxd5 Qxd5 {The position is equal.} 9. Bc4 Qd6 {[#]} 10. Bd2 $146 ({Predecessor:} 10. O-O Bd7 11. Qd1 Rad8 12. Bd2 b5 13. Bb3 e5 14. d5 e4 15. Ng5 Bf5 16. f3 exf3 {0-1 (36) Gajewski,G (2616)-Swiercz,D (2583) Warsaw 2012}) 10... Bd7 {[%cal Rc6d4] [#] Threatens to win with ...Nxd4.} 11. Qa3 (11. Qb3 $142) 11... Qxa3 12. bxa3 e5 {[%cal Re5d4]} 13. Rb1 $1 exd4 14. Rxb7 Rab8 15. Rxc7 Rb1+ 16. Ke2 Rxh1 17. Rxd7 {[%cal Re3d4]} dxe3 18. fxe3 Rb1 19. Bd5 Ne5 {White now steadily converts the win.} (19... Rb6 $11 {remains equal.}) 20. Nxe5 $16 Bxe5 21. Bb4 Rc8 22. Bxf7+ Kh8 23. Rxa7 Rbc1 24. h3 R1c7 (24... R1c2+ $16 {keeps fighting.} 25. Kf3 Rb8) 25. Rxc7 $18 Rxc7 {[%mdl 4096] Endgame KRB-KB} 26. Bd5 Kg7 27. a4 Rd7 28. e4 Ra7 {[#]} 29. Bb3 $1 Kf6 30. Bc5 Ra6 31. Kd3 Kg5 $2 (31... Bc7 {is a better defense.} 32. Bd4+ Be5) 32. Kc4 Kf4 $2 (32... Ra8 33. Kb5 Bc7 34. Be3+ Kf6 35. Bd4+ Ke7) 33. Kb5 Ra8 34. Bd5 Rb8+ 35. Bb6 Kg3 36. a5 Kxg2 37. a6 g5 38. a7 Kxh3 39. axb8=Q Bxb8 40. Bd4 {Accuracy: White = 93%, Black = 47%.} 1-0

[Event "WSTCC-65 2020"]
[Site "Prague"]
[Date "2020.03.11"]
[Round "6.15"]
[White "Lechtynsky, Jiri"]
[Black "Boudre, Jean-Pierre"]
[Result "0-1"]
[WhiteElo "2330"]
[BlackElo "2263"]
[Annotator "TA"]
[PlyCount "98"]
[EventDate "2020.03.06"]
[EventType "team-tourn"]
[EventCountry "CZE"]
[SourceTitle "playchess.com"]
[Source "ChessBase"]
[SourceQuality "1"]

{[%evp 20,98,15,9,16,18,18,10,19,11,26,15,28,21,36,33,25,25,41,25,16,10,105,102,114,81,75,69,85,81,83,75,76,65,135,126,131,129,116,83,110,106,78,60,70,75,120,113,169,95,80,-248,-229,-240,-220,-868,-858,-857,-809,-1121,-1118,-1117,-1091,-1061,-450,-1091,-1037,-1089,-1120,-1012,-1062,-1148,-1139,-1690,-1759,-29985,-29986,-29989,-29990,-29990,-29991]} 1. d4 Nf6 2. Nf3 e6 3. c4 Bb4+ 4. Bd2 Qe7 5. Nc3 b6 6. g3 Bb7 7. Bg2 O-O 8. O-O d6 9. a3 Bxc3 10. Bxc3 Nbd7 11. b4 Be4 {[#] E16: Queen's Indian: 4 g3 Bb7 5 Bg2 Bb4+.} 12. Qd2 $146 ({Predecessor:} 12. Qb3 c5 13. Rfd1 e5 14. dxe5 dxe5 15. Nh4 Qe6 16. f3 {½-½ (16) Maksimovic,D (2441)-Derakhshani,D (2386) Novi Sad 2016}) 12... Rfe8 13. Rfd1 e5 {The position is equal.} 14. Bb2 exd4 15. Qxd4 Rad8 16. Qc3 h6 17. Rd2 a5 18. Rad1 axb4 19. axb4 Ra8 20. Bh3 Bxf3 (20... Bb7 $11) 21. exf3 $16 Qe5 22. Qc2 Qh5 23. Bg2 Re6 24. Qc3 Rae8 25. Rd4 Re2 26. Bf1 R2e5 ({Better is} 26... Rxb2 $14 27. Qxb2 Ne5) 27. Rh4 Qf5 28. f4 $1 $36 {[%mdl 2048] White is really pushing.} Re2 29. Bxe2 Rxe2 30. Re1 Qe4 31. Rxe2 $1 Qxe2 32. Kg2 Kf8 33. Ba1 c5 {[#]} (33... Qe4+ $16 {was worth a try.} 34. Qf3 Qxc4) 34. b5 (34. bxc5 $1 $18 {Black must now prevent c6.} bxc5 35. f5) 34... Qe4+ 35. f3 $2 {[%mdl 8192] Now White is beyond hope.} (35. Qf3 $16 {and life is bright.}) 35... Qe2+ $19 36. Kg1 {[#]} d5 $1 37. cxd5 $2 (37. Qc1 d4 38. Qf1) 37... Nxd5 38. Qxg7+ {[#]} Ke7 $1 {[%mdl 512] ( -> ...Qe1+)} 39. Rxh6 Qe1+ 40. Kg2 Ne3+ 41. Kh3 Qf1+ {[%mdl 64] Double Attack} 42. Kh4 Nf5+ {[%mdl 64] Double Attack} 43. Kg4 Nxg7 44. Bxg7 Qxb5 45. h4 Qd3 46. Rh5 f6 47. Rh6 Kf7 {Black mates.} 48. Bh8 c4 49. h5 c3 {Accuracy: White = 60%, Black = 85%.} 0-1

[Event "WSTCC-65 2020"]
[Site "Prague"]
[Date "2020.03.11"]
[Round "6.16"]
[White "Letzelter, Jean-Claude"]
[Black "Spacek, Petr"]
[Result "1-0"]
[WhiteElo "2128"]
[BlackElo "2333"]
[Annotator "TA"]
[PlyCount "103"]
[EventDate "2020.03.06"]
[EventType "team-tourn"]
[EventCountry "CZE"]
[SourceTitle "playchess.com"]
[Source "ChessBase"]
[SourceQuality "1"]

{[%evp 9,103,-14,0,0,0,-18,-6,-24,-25,-25,-32,-26,0,-7,0,-35,0,-21,-21,-22,-21,-21,-21,-21,-20,-50,-37,-38,-41,-35,-28,-35,-36,-27,-39,-64,-30,-36,-41,-97,-97,-117,-92,-118,-92,-95,-121,-108,-112,-147,-15,-14,-33,-38,-26,-30,-36,-60,-22,-22,-22,-15,0,0,0,0,0,-8,0,-22,0,0,0,0,0,0,0,0,381,238,1618,2105,5110,5102,29993,29994,29994,29995,29995,29996,29996,29996,29997,29997,29997,29998]} 1. b4 {[%cal Bb2b4,Bb4b5][%mdl 32]} Nf6 2. Bb2 e6 3. b5 b6 4. e3 Bb7 5. Nf3 Be7 6. c4 {A00: Irregular Openings.} O-O 7. Nc3 c5 8. Be2 {The position is equal.} d5 9. cxd5 exd5 10. d4 Nbd7 11. O-O Re8 {[#]} 12. Qa4 $146 ({Predecessor:} 12. Rc1 Bf8 13. a4 c4 14. Qc2 Rc8 15. Ra1 Bd6 16. Ba3 Bb8 17. Qf5 Nf8 18. Bxf8 Rxf8 {½-½ (76) Bender,W (1778)-Naeckel,G (1956) Saarlouis 1998}) 12... a6 13. Qc2 c4 14. a4 a5 15. Nd2 Bb4 16. Bf3 $1 Rc8 17. Rfe1 Nf8 {[%cal Bd7f8,Bf8g6,Bg6e5,Be5g4][%mdl 32]} 18. g3 Rc7 19. Bg2 Rce7 20. Rad1 h5 21. Nf3 Ng6 22. h4 Ne4 23. Ne5 {[%cal Rc3e4]} Nxe5 24. Bxe4 {[#]} (24. dxe5 $15 Nxc3 25. Bxc3) 24... Ng4 $1 $17 25. Bf3 Qd7 26. Qe2 Qf5 27. Rc1 Re6 28. Bg2 g5 {aiming for ...gxh4.} 29. Qf3 Rf6 ({Better is} 29... Qg6 $17 30. hxg5 Qxg5) 30. Qxf5 $11 Rxf5 31. Re2 gxh4 32. gxh4 Re6 33. e4 dxe4 (33... Bxc3 {seems wilder.} 34. Rxc3 dxe4 35. Rxc4 e3 36. f3 Nf2) 34. Nxe4 Bxe4 35. Bxe4 {Hoping for f3.} Rxf2 36. Rxf2 Nxf2 37. Kxf2 Rxe4 38. Rxc4 Rxh4 $15 {[%mdl 4096] Endgame Threatens to win with ...Rh2+. KRB-KRB} 39. Kg3 Re4 40. Rc8+ Kh7 41. Kf3 Re1 42. d5 Rd1 43. Ke4 f5+ $2 {[%mdl 8192]} (43... h4 $11 {and Black is okay.}) 44. Ke5 f4 $2 {[#]} (44... Rd2) 45. Ke6 $1 $18 {[%cal Re6f7]} h4 46. Be5 {Intending Kf5 and mate.} Kg6 47. Rg8+ {White mates.} Kh7 48. Kf7 {[%csl Ge5][%cal Rg8h8]} Kh6 49. Bxf4+ Kh7 50. Rg7+ Kh8 51. Rg5 {[%cal Rg5h5]} Rxd5 52. Rxd5 {Accuracy: White = 79%, Black = 60%.} 1-0

[Event "WSTCC-65 2020"]
[Site "Prague"]
[Date "2020.03.11"]
[Round "6.17"]
[White "Pruefer, Friedbert"]
[Black "Sejkora, Vlastimil"]
[Result "1-0"]
[WhiteElo "2214"]
[BlackElo "2149"]
[Annotator "TA"]
[PlyCount "115"]
[EventDate "2020.03.06"]
[EventType "team-tourn"]
[EventCountry "CZE"]
[SourceTitle "playchess.com"]
[Source "ChessBase"]
[SourceQuality "1"]

{[%evp 16,115,11,23,39,34,156,147,229,244,241,166,159,133,237,233,363,382,459,466,454,449,439,371,374,381,373,374,414,360,449,438,446,430,523,509,469,271,274,274,274,273,285,275,266,274,276,284,276,277,342,336,332,242,245,257,240,241,245,245,244,223,230,226,227,212,582,569,837,846,832,825,880,782,995,705,1479,1169,1242,1119,892,725,1049,735,5073,708,707,172,1348,103,960,175,955,905,29991,29992,29992,29990,29993,29991,29991,1370]} 1. d4 g6 2. c4 Bg7 3. Nc3 d6 4. e4 Nf6 5. f4 O-O 6. Nf3 c5 7. Be2 cxd4 8. Nxd4 Nc6 9. Be3 Ng4 {E79: King's Indian: Four Pawns Attack: 6 Be2 c5 7 Nf3 cxd4 8 Nxd4 Nc6 9 Be3.} 10. Bxg4 {Hoping for Be2.} Bxg4 (10... Bxd4 $14 11. Bxd4 Bxg4) 11. Nxc6 $16 {[%mdl 64] Discovered Attack} ({Worse is} 11. Qxg4 Nxd4 12. Qd1 Nc6 $11) 11... Qd7 (11... Bxd1 $16 12. Nxd8 Bg4) 12. Nxe7+ $1 $18 Kh8 13. Qd3 Qxe7 14. O-O {[#]} Rfe8 $146 (14... f5 $16) ({Predecessor:} 14... Be6 15. Bd4 f5 16. b3 Rae8 17. Rad1 fxe4 18. Qxe4 Qh4 19. Bxg7+ Kxg7 20. Rxd6 Bg4 {1-0 (50) Dozsa,P-Ozsvath,A Budapest 1962}) 15. Bd4 Bd7 (15... f5 $142 16. Rae1 fxe4 17. Rxe4 Qf7 18. Rxe8+ Rxe8 19. Bxg7+ (19. Bxa7 Bf5 $16) 19... Qxg7 20. Qxd6 Kg8) 16. Nd5 Qd8 17. Qc3 Rg8 18. Nf6 Bc6 19. Nxg8 Bxd4+ 20. Qxd4+ Kxg8 21. Rad1 Qe7 22. f5 Qh4 23. f6 Re8 24. Rde1 Re6 25. b4 a6 26. Qf2 (26. a4 $142) 26... Qg5 27. Qf4 Qxf4 28. Rxf4 {[%mdl 4096] Endgame KRR-KRB} g5 29. Rf5 h6 30. e5 Kh7 31. g4 Kg6 32. c5 dxc5 33. bxc5 Bd5 34. Rf2 Rc6 35. h3 Be6 36. Rc1 h5 37. gxh5+ Kxh5 38. Kh2 Kg6 39. Kg3 b6 40. Rfc2 b5 $2 (40... bxc5 {is more resistant.} 41. Rxc5 Rb6) 41. h4 Bc4 42. hxg5 Kxg5 43. Rf2 Rc8 44. Rc3 Re8 45. Re3 Rc8 46. Kh2 Be6 47. Rg3+ Kh4 48. Rc3 Rc6 49. Rd2 Bc4 50. Rd8 (50. Rg3 $142 Rc8 51. Rdg2) 50... Kg4 51. Re8 $2 (51. Rd6 Rc8 52. a4 (52. Rxa6 Rxc5 53. Ra5 Kf5 $18)) 51... Rxc5 $2 {[#]} (51... Kf5 52. Rc2 Be6) 52. a3 $2 (52. Rxc4+ $1 $18 {[%mdl 512]} Rxc4 (52... bxc4 53. e6) 53. e6 Rc2+ {[%mdl 64] Double Attack} 54. Kg1 Rc1+ 55. Kf2) 52... Rd5 $2 {[%mdl 8192] [#] Now Black is done in.} (52... Kf5 $16) 53. Rc2 $2 (53. Rxc4+ $1 {[%mdl 512]} bxc4 54. e6) 53... Kf4 $2 (53... Kf3 54. Rg2 Rd7) 54. Rf2+ Kg4 55. Rg8+ {White mates.} Kh4 {[#]} 56. e6 $1 Rd1 (56... fxe6 57. Rfg2) 57. e7 Bd5 58. Rf4+ {Accuracy: White = 61%, Black = 35%.} 1-0

[Event "WSTCC-65 2020"]
[Site "Prague"]
[Date "2020.03.11"]
[Round "6.18"]
[White "Janda, Zdenek"]
[Black "Brock, Friedemann"]
[Result "0-1"]
[WhiteElo "2065"]
[BlackElo "2230"]
[Annotator "TA"]
[PlyCount "98"]
[EventDate "2020.03.06"]
[EventType "team-tourn"]
[EventCountry "CZE"]
[SourceTitle "playchess.com"]
[Source "ChessBase"]
[SourceQuality "1"]

{[%evp 19,98,6,22,6,22,27,30,7,25,9,22,0,0,0,12,-6,0,-4,0,-22,12,-15,0,-11,-10,-18,-16,-14,0,-7,0,-9,0,-24,-13,-16,-20,-27,0,0,0,0,8,-9,19,-29,-26,-72,-55,-60,-59,-47,-43,-153,-39,-49,-25,-30,-29,-71,-29,-29,-20,-29,-22,-36,-21,-25,0,0,-8,-7,-23,-122,-112,-826,-783,-1027,-987,-963,-954]} 1. d4 Nf6 2. Nf3 g6 3. Bf4 Bg7 4. e3 O-O 5. h3 c5 6. c3 b6 7. Be2 Bb7 8. O-O d6 9. Nbd2 Nbd7 10. Bh2 Rc8 11. Re1 {A48: 1 d4 Nf6 2 Nf3 g6: Torre, London and Colle Systems.} Ne4 12. Nxe4 Bxe4 13. Bd3 {White has an edge.} Nf6 {[#]} 14. Qe2 $146 ({Predecessor:} 14. Ba6 Rc7 15. Nd2 Bc6 16. a4 Ne4 17. Bf1 Nxd2 18. Qxd2 Qd7 19. a5 cxd4 20. cxd4 {½-½ (104) Wang,C (2500)-Zhou,J (2578) China 2015}) 14... Qd7 15. Nd2 (15. Ba6 {feels hotter.} Rb8 16. Nd2 Bb7 17. Bd3 Rbc8 18. e4) 15... Bxd3 16. Qxd3 d5 17. Be5 Rfd8 18. Rad1 Qc6 19. Nf3 Rd7 20. Nh2 Rcd8 21. Bxf6 Qxf6 22. Ng4 Qe6 23. f4 Rd6 24. Rf1 Qf5 25. Nf2 Qd7 26. g4 f5 27. Qe2 c4 28. Kh2 Kh8 29. Rg1 b5 30. Rg2 a5 31. Rdg1 b4 32. Qc2 Rf8 33. Nh1 Qe6 34. Qd2 fxg4 35. hxg4 Rb6 36. Qf2 (36. Nf2 $15) 36... bxc3 (36... a4 $17 37. Qe1 g5 $1 {[%mdl 512]} 38. fxg5 a3 {[%mdl 64] Overworked Piece} 39. bxa3 bxc3 40. Qxc3 Ra6) 37. bxc3 $15 Qe4 38. Ng3 Qd3 39. Qd2 Qxd2 (39... Re6 {keeps more tension.} 40. Nf1 g5 41. f5 Rh6+ 42. Kg3 Qb1) 40. Rxd2 e6 41. Rf1 a4 {[%cal Ba5a4,Ba4a3,Ba3b2][%mdl 32]} 42. Kg2 a3 $36 {[%mdl 2048] Black is pushing.} 43. e4 Rb2 44. Rxb2 $1 axb2 $11 {KRB-KRN} 45. Rb1 $1 {[%cal Rb1b2]} Rb8 {And now ...Bxd4! would win.} ({Much worse is} 45... Rxf4 46. Rxb2 Bf6 47. a4 $16) 46. exd5 (46. e5 $11) 46... exd5 $17 {aiming for ...Bxd4!} 47. Nf1 $2 {[%mdl 8192] [#]} (47. Ne2 $17) 47... Bxd4 $1 $19 {[%mdl 512] Black is clearly winning.} 48. cxd4 {[#]} c3 $1 {[%cal Rc3c2] ...c2 is the strong threat.} 49. Ne3 {[#]} Re8 $1 {Accuracy: White = 68%, Black = 83%.} 0-1